Njan, njan thanne: ormakkurippukal(ഞാൻ, ഞാൻ തന്നെ: ഓർമ്മക്കുറിപ്പുകൾ) (Record no. 115356)

MARC details
000 -LEADER
fixed length control field 00548 a2200169 4500
005 - DATE AND TIME OF LATEST TRANSACTION
control field 20260328112359.0
008 - FIXED-LENGTH DATA ELEMENTS--GENERAL INFORMATION
fixed length control field 260317b |||||||| |||| 00| 0 eng d
020 ## - INTERNATIONAL STANDARD BOOK NUMBER
International Standard Book Number 9789364873734
080 ## - UNIVERSAL DECIMAL CLASSIFICATION NUMBER
Universal Decimal Classification number 89M-94
Item number SUN/N
100 ## - MAIN ENTRY--PERSONAL NAME
Personal name Sunitha Krishnan
245 ## - TITLE STATEMENT
Title Njan, njan thanne: ormakkurippukal(ഞാൻ, ഞാൻ തന്നെ: ഓർമ്മക്കുറിപ്പുകൾ)
260 ## - PUBLICATION, DISTRIBUTION, ETC. (IMPRINT)
Name of publisher, distributor, etc D C books.
Place of publication, distribution, etc Kottayam.
Date of publication, distribution, etc 2025.
300 ## - PHYSICAL DESCRIPTION
Extent 416p.
653 ## - INDEX TERM--UNCONTROLLED
Uncontrolled term Memoir-Malayalam translation
700 ## - ADDED ENTRY--PERSONAL NAME
Personal name Senu Kurian George; tr.by
942 ## - ADDED ENTRY ELEMENTS (KOHA)
item type Books
Holdings
Lost status Source of classification or shelving scheme Not for loan Home library Current library Shelving location Date acquired Cost, normal purchase price Total Checkouts Full call number Barcode Date last seen Cost, replacement price Price effective from Koha item type
  Universal Decimal Classification Not For Loan University Library University Library On Display 03/03/2026 332.68   89M-94 SUN/N 00097438 03/03/2026 499.00 03/03/2026 Books
University Library, CUSAT